Szczegóły MARC21

Apokaliptycy i dostosowani : komunikacja masowa a teorie kultury masowej /

003 -Nazwa inst., której nr kontr. jest w polu 001 [,]
    • @
    • Nazwa instytucji, której n kontrolny jest w polu 001
    • NUKAT
005 -DATA I CZAS OSTATNIEJ MODYFIKACJI [,]
    • @
    • pole kontrolne
    • 20241231102746.0
020 -Międzynarod. znormalizowany nr książki - ISBN [ , ]
    • a
    • Numer ISBN
    • 9788374147729 Find
040 -Instytucja sporządzająca opis [ , ]
    • a
    • Instytucja, która sporządziła opis (NP)
    • WR U/mt
    • c
    • Instytucja, która sporządziła rekord (NP)
    • WR U/mt
    • d
    • Instytucja, która zmodyfikowała rekord (P)
    • WR U/DZs
    • d
    • Instytucja, która zmodyfikowała rekord (P)
    • WR U/hb
041 -Język dokumentu [1, ]
    • a
    • Język tekstu (P)
    • polski
    • h
    • Język tekstu oryginalnego i/lub pośredniego (P)
    • włoski
942 -Rodzaj dokumentu [ , ]
    • c
    • Rodzaj dokumentu
    • Książka
100 -Hasło główne - nazwa osobowa [1, ]
    • a
    • Nazwa osobowa (NP)
    • Eco, Umberto
    • d
    • Daty biograficzne (NP)
    • (1932-2016).
    • 9
    • KHW
    • 23306
245 -Strefa tytułu i oznaczenia odpowiedzialności [1,0]
    • a
    • Tytuł
    • Apokaliptycy i dostosowani : Find
    • b
    • Ciąg dalszy tytułu (NP)
    • komunikacja masowa a teorie kultury masowej / Find
    • c
    • Pozostałe elementy strefy tytułu i oznaczenia odpowiedzialności (NP)
    • Umberto Eco ; przeł. Piotr Salwa.
246 -Wariant tytułu [1, ]
    • i
    • Tekst wyświetlany na ekranie monitora (NP)
    • Tyt. oryg.:
    • a
    • Tytuł (NP)
    • Apocalittici e integrati
246 -Wariant tytułu [3,0]
    • a
    • Tytuł (NP)
    • Komunikacja masowa a teorie kultury masowej
260 -Strefa adresu wydawniczego [ , ]
    • a
    • Miejsce wydania (P)
    • Warszawa :
    • b
    • Nazwa wydawcy (P)
    • Wydawnictwo W.A.B.,
    • c
    • Data wydania (P)
    • 2010.
300 -Strefa opisu fizycznego [ , ]
    • a
    • Określenie formy książki i/lub objętość (NP)
    • 531, [5] s. ;
    • c
    • Format (NP)
    • 21 cm.
336 -Typ zawartości [ , ]
    • a
    • Termin opisujący typ zawartości
    • Tekst
    • b
    • Kod określający zawartość
    • txt
    • 2
    • Źródło (terminu i kodu)
    • rdacontent
337 -Typ mediów [ , ]
    • a
    • Tryb odtwarzania
    • Bez urządzenia pośredniczącego
    • b
    • Kod typu mediów
    • n
    • 2
    • Źródło (terminu i kodu)
    • rdamedia
338 -Typ/rodzaj nośnika [ , ]
    • a
    • Hasło opisujące typ nośnika
    • Wolumin
    • b
    • Kod typu nośnika
    • nc
    • 2
    • Źródło (terminu i kodu)
    • rdacarrier
490 -Strefa serii i książki wielotomowej - forma nie do wyszukiwania [1, ]
    • a
    • Tytuł (P)
    • Z Wagą Find
830 -Hasło dodatkowe serii i opisu książki wielotomowej - tytuł ujednolicony/tytuł [ ,0]
    • a
    • Tytuł ujednolicony/tytuł (NP)
    • Seria z Wagą
    • 9
    • KHW
    • 18367
080 -Uniwersalna Klasyfikacja Dziesiętna [ , ]
    • 2
    • Identyfikator wydania tablic
    • UDC-P058
    • 9
    • UKD
    • 2828
    • a
    • Symbol klasyfikacji
    • 316.7
    • b
    • Dopowiedzenie
    • Socjologia kultury. Kulturowy kontekst życia społecznego. Antropologia społeczna. Kultura różnych społeczeństw. Cywilizacja. Podkultury. Subkultury. Kultura masowa. Kultury różnych grup. Dynamika kultury. Akulturacja. Zmiana kulturowa. Rozprzestrzenianie się kultury. Sankcje społeczne. Uspołecznianie zachowań.
    • 4
    • UKD2
    • 8606
    • x
    • Poddział wspólny
    • "19/20"
    • c
    • Dopowiedzenie poddz. wspólnego
    • Wiek XX/XXI.
080 -Uniwersalna Klasyfikacja Dziesiętna [ , ]
    • 2
    • Identyfikator wydania tablic
    • UDC-P058
    • 9
    • UKD
    • 5914
    • a
    • Symbol klasyfikacji
    • 7.01
    • b
    • Dopowiedzenie
    • Teoria i filozofia sztuki. Znaczenie sztuki. Sztuka elitarna. Sztuka popularna. Kompozycja. Proporcja. Porządki. Profil. Efekty optyczne. Barwa. Kolor. Światłocień.
    • 4
    • UKD2
    • 8606
    • x
    • Poddział wspólny
    • "19/20"
    • c
    • Dopowiedzenie poddz. wspólnego
    • Wiek XX/XXI.
080 -Uniwersalna Klasyfikacja Dziesiętna [ , ]
    • 2
    • Identyfikator wydania tablic
    • UDC-P058
    • 9
    • UKD
    • 5915
    • a
    • Symbol klasyfikacji
    • 7.01:111.852
    • b
    • Dopowiedzenie
    • Estetyka sztuki.
    • 4
    • UKD2
    • 8606
    • x
    • Poddział wspólny
    • "19/20"
    • c
    • Dopowiedzenie poddz. wspólnego
    • Wiek XX/XXI.
080 -Uniwersalna Klasyfikacja Dziesiętna [ , ]
    • 2
    • Identyfikator wydania tablic
    • UDC-P058
    • 9
    • UKD
    • 2832
    • a
    • Symbol klasyfikacji
    • 316.75
    • b
    • Dopowiedzenie
    • Normatywny i wartościujący aspekt kultury. Ideologia. Wartości. Konflikty wartości. Normy i prawa. Konflikty norm. Tabu.
    • 4
    • UKD2
    • 8606
    • x
    • Poddział wspólny
    • "19/20"
    • c
    • Dopowiedzenie poddz. wspólnego
    • Wiek XX/XXI.
080 -Uniwersalna Klasyfikacja Dziesiętna [ , ]
    • 2
    • Identyfikator wydania tablic
    • UDC-P058
    • 9
    • UKD
    • 6620
    • a
    • Symbol klasyfikacji
    • 82-91
    • b
    • Dopowiedzenie
    • Literatura masowa. Literatura brukowa. Komiksy. Komiksy o zakresie specjalnym klasyfikuje sie symbolem dziedziny, dodając po dwukropku symbol komiksu.
    • 4
    • UKD2
    • 8606
    • x
    • Poddział wspólny
    • "19/20"
    • c
    • Dopowiedzenie poddz. wspólnego
    • Wiek XX/XXI.
650 -Hasło przedmiotowe [ ,7]
    • a
    • Hasło przedmiotowe
    • Mass media.
    • 2
    • Źródło terminu
    • kaba
    • 9
    • KHW
    • 118503
650 -Hasło przedmiotowe [ ,7]
    • a
    • Hasło przedmiotowe
    • Kultura masowa.
    • 2
    • Źródło terminu
    • kaba
    • 9
    • KHW
    • 116411
650 -Hasło przedmiotowe [ ,7]
    • a
    • Hasło przedmiotowe
    • Komunikacja
    • x
    • Określnik rzeczowy
    • aspekt społeczny.
    • 2
    • Źródło terminu
    • kaba
    • 9
    • KHW
    • 114868
980 -Symbol UKD [ , ]
    • a
    • UKD
    • 316.7:7.01:7.01.111.852:316.75:82-91]"19/20"
700 -Hasło dodatkowe - nazwa osobowa [1, ]
    • a
    • Nazwa osobowa (NP)
    • Salwa, Piotr Find
    • d
    • Daty biograficzne (NP)
    • (1950- ).
    • e
    • Określenie rodzaju współpracy
    • Tł.
    • 9
    • KHW
    • 23307
920 -ISBN [ , ]
    • a
    • ISBN
    • 978-83-7414-772-9 Find
Data inwentaryzacji Lokalizacja Numer inwentarzowy Status udost.
2011-03-14BNSH.211661